| 000 | 00622nam a2200181Ia 4500 | ||
|---|---|---|---|
| 005 | 20251020182524.0 | ||
| 008 | 200515s9999 xx 000 0 und d | ||
| 082 | _a691.328/A76 | ||
| 100 | _aARQUERO, Francisco | ||
| 245 | 0 | _aCálculo práctico del hormigón armado | |
| 260 | _aBarcelona | ||
| 260 | _c1980 | ||
| 500 | _a1 ejemplar | ||
| 520 | _aLos capítulos I a XV, permitirán calcular analíticamente los elementos rectos del hormigón armado, que forman partes de las estructuras reticulares, pero separados de éstas, calculándolas independientemente | ||
| 650 | _aCONCRETO | ||
| 650 | _aLIB | ||
| 942 | _cLIB | ||
| 999 |
_c1853 _d1853 |
||